00655nam a2200169Ia 4500008004100000100002500041245011500066245006200181260003900243260000900282300001000291650001800301650001500319856005900334999001900393952007300412170221s9999 xx 000 0 und d aDaniel Martín Pena aProfile of Contributors of University Radio in Spain: The Case of Students in the Area of Information Science  cDaniel Martín Pena, Ana Segura Anaya, Carmen Marta Lazo bStudies in Media and Communication c2015 a3 : 2 xCommunication xMedia Arts uhttp://redfame.com/journal/index.php/smc/issue/view/42 c307085d307085 001040aCLbCLd2017-02-21l0r2017-02-21 00:00:00w2017-02-21yFOJ